000 01390na a2200325 4500
999 _c6589
_d6589
001 21260
003 MIRAKIL
005 20200623163129.0
008 170202b tu 000 0
035 _a20746
040 _aMilas
_btur
_cTR-AnCHP
041 _atur
082 _aCHP 324.2182
_bC36523a 2017
090 _aCHP 324.2182 C36523a 2017
110 _aCumhuriyet Halk Partisi (CHP)
_bİnsan ve Doğa Hakları Genel Başkan Yardımcılığı
245 _aAKP'nin insan hakları karnesi
_cCHP İnsan ve Doğa Hakları Genel Başkan Yardımcılığı
260 _aAnkara
_bCHP
_c2017
300 _a[40] s.
_brnk.
_c13x8 sm.
440 _aCHP İnsan ve Doğa Hakları yayınlar
_pBroşürler
505 _aAKP iktidarında faili meçhul cinayetler - Adalet ve hukuk - Basın özgürlüğü - Sokağa çıkma yasakları - Barış - Demokrasi - Kadın - Çocuk - LGBTİ - Kumpas davaları - 12 Eylül Darbesi - AKP'nin OHAL'i - AKP'nin Türkiye'si
610 _aCumhuriyet Halk Partisi (CHP)
_xİnsan hakları
_yAKP iktidarı
610 _aAKP
_xSiyaset ve yönetim
_y2002-
650 _aİnsan hakları
_zTürkiye
651 _aTürkiye
_xHak ve özgürlükler
_y2002-
830 _aCHP broşürleri
942 _cBKS
999 _d6589